Sociological and psychology aspects of information literacy in higher education (Record no. 11905)

MARC details
000 -LEADER
fixed length control field 01336nam a22003617a 4500
003 - CONTROL NUMBER IDENTIFIER
control field OSt
005 - DATE AND TIME OF LATEST TRANSACTION
control field 20250625025619.0
008 - FIXED-LENGTH DATA ELEMENTS--GENERAL INFORMATION
fixed length control field 250505t2019|||o|||| | || 00| ||e|g dd dd
020 ## - INTERNATIONAL STANDARD BOOK NUMBER
International Standard Book Number 978-93-87295-11-7
040 ## - CATALOGING SOURCE
Transcribing agency JMCFI - Learning Resource Center
082 ## - DEWEY DECIMAL CLASSIFICATION NUMBER
Classification number eBook 378.302’2244 M332 2019
100 ## - MAIN ENTRY--PERSONAL NAME
Personal name Maria, Jennifer
9 (RLIN) 33636
245 ## - TITLE STATEMENT
Title Sociological and psychology aspects of information literacy in higher education
Medium [electronic resource] /
Statement of responsibility, etc. Jennifer Maria.
250 ## - EDITION STATEMENT
Edition statement First edition.
260 ## - PUBLICATION, DISTRIBUTION, ETC.
Place of publication, distribution, etc. Chander Nagar, Delhi :
Name of publisher, distributor, etc. Amiga Press,
Date of publication, distribution, etc. 2019.
300 ## - PHYSICAL DESCRIPTION
Extent 1 online resource (357 pages).
650 ## - SUBJECT ADDED ENTRY--TOPICAL TERM
Topical term or geographic name entry element Education.
9 (RLIN) 1549
650 ## - SUBJECT ADDED ENTRY--TOPICAL TERM
Topical term or geographic name entry element Educational system.
9 (RLIN) 27150
650 ## - SUBJECT ADDED ENTRY--TOPICAL TERM
Topical term or geographic name entry element Primary education.
9 (RLIN) 32452
650 ## - SUBJECT ADDED ENTRY--TOPICAL TERM
Topical term or geographic name entry element Secondary education.
9 (RLIN) 15816
650 ## - SUBJECT ADDED ENTRY--TOPICAL TERM
Topical term or geographic name entry element Educational psychology.
9 (RLIN) 745
650 ## - SUBJECT ADDED ENTRY--TOPICAL TERM
Topical term or geographic name entry element Educational psychology
General subdivision Study and teaching.
9 (RLIN) 6202
650 ## - SUBJECT ADDED ENTRY--TOPICAL TERM
Topical term or geographic name entry element Theory of development.
9 (RLIN) 37875
650 ## - SUBJECT ADDED ENTRY--TOPICAL TERM
Topical term or geographic name entry element Education
General subdivision Social aspects.
9 (RLIN) 2936
650 ## - SUBJECT ADDED ENTRY--TOPICAL TERM
Topical term or geographic name entry element Education
General subdivision Sociological aspects.
9 (RLIN) 3284
650 ## - SUBJECT ADDED ENTRY--TOPICAL TERM
Topical term or geographic name entry element Adult education.
9 (RLIN) 36329
650 ## - SUBJECT ADDED ENTRY--TOPICAL TERM
Topical term or geographic name entry element Educational technology.
9 (RLIN) 3021
650 ## - SUBJECT ADDED ENTRY--TOPICAL TERM
Topical term or geographic name entry element Information literacy.
9 (RLIN) 15445
650 ## - SUBJECT ADDED ENTRY--TOPICAL TERM
Topical term or geographic name entry element Higher education.
9 (RLIN) 13147
650 ## - SUBJECT ADDED ENTRY--TOPICAL TERM
Topical term or geographic name entry element iG Publishing.
9 (RLIN) 33537
856 ## - ELECTRONIC LOCATION AND ACCESS
Uniform Resource Identifier <a href="https://portal.igpublish.com/iglibrary/reader/NBNB0006342/1">https://portal.igpublish.com/iglibrary/reader/NBNB0006342/1</a>
942 ## - ADDED ENTRY ELEMENTS (KOHA)
Source of classification or shelving scheme Dewey Decimal Classification
Koha item type Subscribed eBooks
Suppress in OPAC No
Holdings
Withdrawn status Lost status Source of classification or shelving scheme Damaged status Not for loan Home library Current library Date acquired Total Checkouts Call number Date last seen Uniform Resource Identifier Price effective from Koha item type
    Dewey Decimal Classification     LRC - Digital Library LRC - Digital Library 06/25/2025   eBook 378.302’2244 M332 2019 06/25/2025 https://portal.igpublish.com/iglibrary/reader/NBNB0006342/1 06/25/2025 Subscribed eBooks